000
00218 a2200097 4500
001
42606
100
_a
Cravan
245
_a
The Army Air Forces in War II
260
_a
Chicago
_b
Chicago press
_c
090
_c
26507
_d
26507
942
_a
NUST-CAE
_c
M
_c
18344
999
_c
277679
_d
277679